| 000 | 01291nam a22003137a 4500 | ||
|---|---|---|---|
| 001 | T0000008 | ||
| 003 | KOHA_MİRAKIL | ||
| 005 | 20260207004503.0 | ||
| 007 | ta | ||
| 008 | 190402b2011 xx |||grm|||#0|||0|tur | | ||
| 040 |
_aTR-BiSEU _btur _cTR-BiSEU _erda |
||
| 041 | 0 | _atur | |
| 050 | 0 | 0 |
_aTez _b8 |
| 100 | 1 | _aÇakar, Ayşen Seymen. | |
| 245 | 1 |
_a1982 Anayasası'nda 5982 sayılı kanunla yargı alanında yapılan değişiklikler ve etkileri/ _cAyşen Seymen Çakar ; Ayşen Seymen Çakar; danışman Hüseyin Sadoğlu. |
|
| 264 | 1 |
_aBilecik : _bBilecik Üniversitesi _c2011 |
|
| 300 | _aIX, 104 sayfa: tablo; 30 cm.+1 CD-ROM | ||
| 336 |
_ametin _btxt _2rdacontent |
||
| 337 |
_aaracısız _bn _2rdamedia |
||
| 338 |
_acilt _bnc _2rdacarrier |
||
| 500 | _aRef. No; 406196 | ||
| 500 | _aKaynakça var. | ||
| 500 | _aİngilizce Eser Adı: Amendments on the field of jurisdiction in constitution of 1982 in accordance whit the law no: 5982 and effects of these amendments | ||
| 502 | _aTez (Yüksek Lisans) -- Bilecik Üniversitesi Sosyal Bilimler Enstitüsü Kamu Yönetimi Anabilim Dalı, Bilecik, . | ||
| 650 | 0 |
_a1982 Anayasası--Anayasa mahkemesi. _9118794 |
|
| 650 | 0 |
_aConstitution of 1982--Supreme court. _9118795 |
|
| 856 | 4 | 0 | _uhttp://acikkaynak.bilecik.edu.tr/xmlui/handle/11552/94 |
| 907 | _aYüksek Lisans | ||
| 942 |
_2lcc _cTS |
||
| 999 |
_c64559 _d64559 |
||